La Orinoquia en la integración colombo-venezolana / (Registro nro. 37005)

Detalles MARC
000 -CABECERA
Longitud fija campo de control 01013cam a2200241 a 4500
003 - • IDENTIFICADOR DELl NÚMERO DE CONTROL
Identificador del número de control CO-ViMGA
005 - • FECHA Y HORA DE LA ÚLTIMA TRANSACCIÓN
Fecha y hora de la última transacción 20230915233600.0
008 - • CÓDIGOS DE INFORMACIÓN DE LONGITUD FIJA
Códigos de información de longitud fija 980620q19971998ck a r 00010 spa d
040 ## - FUENTE DE LA CATALOGACIÓN
Centro catalogador de origen CO-ViMGA
Lengua de catalogación spa
Centro transcriptor CO-ViMGA
043 ## - CÓDIGO DE ÁREA GEOGRÁFICA
Código de área geográfica s-ck---
-- s-ve---
082 04 - • NÚMERO DE LA CLASIFICACIÓN DECIMAL DEWEY
Número de clasificación (R) Fr301.35 M474d
Número de edición 19 ed.
110 2# - • PUNTO DE ACCESO PRINCIPAL-NOMBRE DE ENTIDAD CORPORATIVA
Nombre de entidad corporativa o nombre de jurisdicción como elemento inicial Corporación Misión Siglo XXI (Bogotá)
245 13 - • TITULO PROPIAMENTE DICHO
Título La Orinoquia en la integración colombo-venezolana /
Mención de responsabilidad, etc. Corporación Misión Siglo XXI ; investigador principal Fernando Medellín.
300 ## - • DESCRIPCIÓN FÍSICA
Extensión 203 p. :
Otras características físicas il. ;
Dimensiones 23 cm.
500 ## - • NOTA GENERAL
Nota general Título en la contraportada: La orinoquia en la integración colombo-venezolana.
504 ## - • NOTA DE BIBLIOGRAFÍA, ETC
Nota de bibliografía, etc. Incluye bibliografía.
651 #0 - • PUNTO DE ACCESO ADICIONAL DE MATERIA - NOMBRE GEOGRÁFICO
Subdivisión geográfica Orinoquía (Región, Colombia)
Subdivisión de materia general Integración económica.
651 #6 - • PUNTO DE ACCESO ADICIONAL DE MATERIA - NOMBRE GEOGRÁFICO
Nombre geográfico Colombia
Subdivisión de materia general Relaciones económicas
Subdivisión geográfica Venezuela.
651 #6 - • PUNTO DE ACCESO ADICIONAL DE MATERIA - NOMBRE GEOGRÁFICO
Nombre geográfico Venezuela
Subdivisión de materia general Relaciones económicas
Subdivisión geográfica Colombia.
700 1# - • PUNTO DE ACCESO ADICIONAL - NOMBRE DE PERSONA
Nombre de persona Medellín, Fernando.
942 ## - ENTRADA DE ELEMENTOS AGREGADOS (KOHA)
Fuente de clasificaión o esquema Dewey Decimal Classification
Koha [por defecto] tipo de item LIbro
Existencias
Perdido Fuente de clasificación o esquema Estado Físico No para préstamo Forma de adquisición Localización permanente Localización actual Fecha adquisición Préstamos totales Signatura completa Código de barras Fecha última consulta Fecha del precio de reemplazo Tipo de item de Koha
  Dewey Decimal Classification     Fondo Regional Tercer Piso Biblioteca Pública Germán Arciniegas - Villavicencio Biblioteca Pública Germán Arciniegas - Villavicencio 04/30/2018   Fr301.35 M474d 18747 04/30/2018 04/30/2018 LIbro









Instituto Departamental de Cultura del Meta - Red Departamental de Bibliotecas Públicas del Meta.